Fortran 77 for Engineers and Scientists
Salvato in:
| Autore principale: | |
|---|---|
| Altri autori: | |
| Natura: | Libro |
| Lingua: | inglese |
| Pubblicazione: |
New York
MacMillan Publ. Co.
1988
|
| Edizione: | 2. ed. |
| Soggetti: | |
| Tags: |
Nessun Tag, puoi essere il primo ad aggiungerne!!
|
MARC
| LEADER | 00000nam a2200000 4500 | ||
|---|---|---|---|
| 001 | c002626 | ||
| 005 | 20240422115317.5 | ||
| 020 | |a 0-02-388631-5 | ||
| 041 | 0 | |a eng | |
| 044 | |a US | ||
| 245 | 1 | 0 | |a Fortran 77 for Engineers and Scientists |c Larry Nyhoff, Sanford Leestma |
| 250 | |a 2. ed. | ||
| 264 | 1 | |a New York |b MacMillan Publ. Co. |c 1988 | |
| 300 | |a 590 s. | ||
| 610 | 2 | 0 | |a jazyky programovacie |
| 610 | 2 | 0 | |a programy počítačové |
| 610 | 2 | 0 | |a spracovanie dát |
| 100 | 1 | |a Nyhoff, Larry | |
| 700 | 1 | |a Leestma, Sanford | |